|
|
|
|
| LEADER |
00000nam a2200000 a 4500 |
| 001 |
vtls001445324 |
| 003 |
SK-MaSNL |
| 005 |
20260331204135.0 |
| 008 |
160318s2002 xo 0 slo |
| 015 |
|
|
|a SNBG2003/01-00243
|
| 020 |
|
|
|a 8096872230
|
| 035 |
|
|
|a SNK000400557
|
| 040 |
|
|
|a SNK
|b slo
|c SNK
|e AACR2
|
| 041 |
0 |
|
|a slo
|
| 044 |
|
|
|a xo
|c SK
|
| 080 |
|
|
|a 087.5(084)
|2 2. stred. slo
|
| 100 |
1 |
|
|a Kłapyta, Andrzej
|4 ilu
|9 44825
|
| 245 |
1 |
|
|a Bodríkove veľké pátranie
|h grafika
|c ilustrations: Andrzej Kłapyta
|
| 260 |
|
|
|a [Košice]
|b [MARSAB]
|c [2002]
|
| 300 |
|
|
|a [8] s.
|b ilustr.
|c 16x21 cm
|
| 650 |
0 |
7 |
|a leporelá
|2 SNK
|9 284032
|
| 655 |
|
7 |
|a beztextové leporelá
|2 SNK
|9 63057
|
| 919 |
|
|
|a 80-968722-3-0
|
| 958 |
|
|
|a TL
|
| 958 |
|
|
|a DB
|
| 999 |
|
|
|c 986821
|d 988751
|
| 952 |
|
|
|t P60, <04>, [BOOK], {604}
|a SNK
|b SNK
|y VYP
|7 0
|p 17A0365651
|o snkSD 72530 D1
|i snkKSP 14662/2002
|0 0
|1 0
|4 0
|d 2002-12-02
|l 0
|r 2005-01-02 00:00:00
|w 2026-02-24
|
| 952 |
|
|
|t P60, <03>, [BOOK], {603}
|a SNK
|b SNK
|y PREZ
|7 0
|p 17A0365650
|o snkSD 72530
|i snkKSP 14661/2002
|0 0
|1 0
|4 0
|d 2002-12-02
|l 0
|r 2005-01-02 00:00:00
|w 2026-02-24
|